Central Library OPAC University of Rajshahi
Normal view MARC view

Entry Topical Term

Number of records used in: 7

001 - CONTROL NUMBER

  • control field: 6008

003 - CONTROL NUMBER IDENTIFIER

  • control field: BD-RjUL

005 - DATE AND TIME OF LATEST TRANSACTION

  • control field: 20221123192839.0

008 - FIXED-LENGTH DATA ELEMENTS

  • fixed length control field: 221123|| aca||aabn | a|a d

040 ## - CATALOGING SOURCE

  • Original cataloging agency: BD-RjUL
  • Transcribing agency: BD-RjUL

150 ## - HEADING--TOPICAL TERM

  • Topical term or geographic name entry element: Optical properties

670 ## - SOURCE DATA FOUND

  • Source citation: Work cat.: (BD-RjUL)80840: Muhibbullah, Md. 6007, Study of the electrical and optical properties of CuO and Cds thin films prepared by spray method and formation of CuO/CdS heterojunction /, 2001